city and society (Record no. 15406)

MARC details
000 -LEADER
fixed length control field 00357nam a22001577a 4500
003 - CONTROL NUMBER IDENTIFIER
control field OSt
005 - DATE AND TIME OF LATEST TRANSACTION
control field 20211028094600.0
008 - FIXED-LENGTH DATA ELEMENTS--GENERAL INFORMATION
fixed length control field 211028b |||||||| |||| 00| 0 eng d
040 ## - CATALOGING SOURCE
Transcribing agency hu
082 ## - DEWEY DECIMAL CLASSIFICATION NUMBER
Classification number 307.7605
100 ## - MAIN ENTRY--PERSONAL NAME
Personal name city and society
9 (RLIN) 15940
245 ## - TITLE STATEMENT
Title city and society
260 ## - PUBLICATION, DISTRIBUTION, ETC.
Place of publication, distribution, etc. american
Name of publisher, distributor, etc. hall
Date of publication, distribution, etc. 2006
300 ## - PHYSICAL DESCRIPTION
Extent 150
942 ## - ADDED ENTRY ELEMENTS (KOHA)
Source of classification or shelving scheme Dewey Decimal Classification
Koha item type Books like text book referance book
Suppress in OPAC No
Holdings
Withdrawn status Lost status Source of classification or shelving scheme Damaged status Not for loan Home library Current library Shelving location Date acquired Total Checkouts Full call number Barcode Date last seen Copy number Price effective from Koha item type
    Dewey Decimal Classification     Social Library Social Library General Stacks 10/28/2021   307.7605/CIT SHLIB 000010979 10/28/2021 c1 10/28/2021 Books like text book referance book